000 00328nam a22001457a 4500
020 _a814-85015-81-3
082 _a510
_bHAD/L
100 _aHADLEY G
245 _aLINEAR ALGEBRA
250 _aTENTH EDITION
260 _aDELHI
_bNAROSA PUBLISHING HOUSE
_c2002
300 _a290
650 _aMATHS REFERENCE
_zINDIA
942 _cBK
999 _c1210
_d1210